000 00604cam a22002171 4500
001 4534925
005 20180309072052.0
008 740506s1967 njua b 000 0 eng
010 _a 67004632
040 _aDLC
_cDLC
_dDLC
041 _aeng
080 _a620 POT
082 0 0 _a620 POT
100 1 _a27
101 _aMEK
245 1 0 _aHandbook of the engineering sciences.
_cPrepared by a staff of specialists and edited by James H. Potter.
504 _aIncludes bibliographies.
740 0 _aEngineering sciences.
906 _a7
_bcbc
_corignew
_du
_eocip
_f19
_gy-gencatlg
942 _2ddc
_cBK
999 _c44572
_d44572